Alle MEISTER der Fußball-Bundesliga (letzter Titel) - Statistiken

Allgemein
  • Dieses Quiz wurde 347 mal gespielt
    140 seit der letzten Aktualisierung
  • Das Durchschnittsergebnis liegt bei 8 aus 13
Antwortstatistiken
letzter Titel Fußball-Club % Korrekt
2024/25 FC Bayern München
99%
2023/24 Bayer 04 Leverkusen
96%
2011/12 Borussia Dortmund
87%
2008/09 VfL Wolfsburg
77%
2003/04 SV Werder Bremen
72%
2006/07 VfB Stuttgart
71%
1997/98 1. FC Kaiserslautern
57%
1982/83 Hamburger SV
49%
1976/77 Borussia Mönchengladbach
48%
1977/78 1. FC Köln
44%
1967/68 1. FC Nürnberg
40%
1966/67 Eintracht Braunschweig
33%
1965/66 TSV 1860 München
31%
Keine übereinstimmenden Quizze gefunden
Verteilung der Resultate
Anzahl Personen mit jedem Resultat
Perzentil nach korrekt beantworteten Fragen
Ihre Resultats-Entwicklung
Sie haben dieses Quiz seit der letzten Aktualisierung nicht gespielt